Oberschlesien zwischen Gewalt und Frieden
| Titel: | Oberschlesien zwischen Gewalt und Frieden |
|---|---|
| Verfasser: | |
| In: |
Nationalitätenkonflikte im 20. Jahrhundert, (2001), Seite 147-162 alle Artikel anzeigen |
| Veröffentlicht: | 2001 |
| Format: | Aufsatz |
| Sprache: | Deutsch |
X
alg: 39149667 001A $01999:11-11-16 001B $01999:23-03-21 $t21:43:58.000 001D $01999:11-11-16 001U $0utf8 001X $00 002@ $0Aox 003@ $0391496670 007A $0391496670 $aHEB 007T $0Herd42462 010@ $ager 011@ $a2001 021A $aOberschlesien zwischen Gewalt und Frieden 028A $#Madajczyk, Piotr Włodzimierz $7103546723 $8Madajczyk, Piotr$Z1959- [Tp1] $9138936811 031A $h147-162 $j2001 039B $aIn $8--Aau--. Nationalitätenkonflikte im 20. Jahrhundert. - Wiesbaden : Harrassowitz, 2001. - VI, 268 S.. - ISBN 3-447-04494-2 $x200100000000000853 $9102100403 045F $a900.94380904 $eDDC23BSB 045F/01 $a900 045F/03 $f0904 045F/03 $g438 045F/03 $g4385 lok: 39149667 78 exp: 39149667 78 1 #EPN 201B/01 $018-09-18 $t22:50:38.000 201U/01 $0utf8 203@/01 $0787590827 208@/01 $a11-11-16 $be 209A/01 $a/ $f000 $x00 220C/01 $aTitelaufnehmer: rb 244Z/01 $2Trx $#Silesia $#Śląsk $#Sliezsko $#Slezsko $8--Trx--Schlesien $x01 $9391173987 244Z/01 $2Trx $#Poola $#Lenkija $#Polija $#Polen Land $#Poland $#Lengyelország $#Poľsko $#Polsko $8--Trx--Polska$gkraj $x02 $9391345966 244Z/01 $#Oberschlesien $#Górny Śla̜sk $#Horní Slezsko $74042978-7 $8--Tg1--Oberschlesien $x03 $9085119679 244Z/01 $aGeschichte 1900-1990 $x04 244Z/01 $2Trx $#suhted, Poola-Saksa $#santykiai, lenkų ir vokiečių $#relations, German-Polish $#kapcsolatok, lengyel-német $#stosunki niemiecko-polskie $#vzťahy nemecko-poľské $#vztahy německo-polské $8--Trx--Beziehungen, deutsch-polnische $x05 $9391368397 244Z/01 $2Trx $#sakslased $#vokiečiai $#Germans $#németek $#Niemcy narodowość $#Nemci $#Němci $8--Trx--Deutsche $x06 $9391356801 244Z/01 $2Trx $#poolakad $#lenkai $#Poles population $#lengyelek nép $#Polacy $#Poliaci $#Poláci $#Lachen $#Lachowie $8--Trx--Polen$gVolk $x07 $9391382934 244Z/01 $2Trx $#ülemsileeslased $#Aukštutinės Silezijos gyventojai $#Upper-Silesians $#felsö-sziléziai $#Górnoślązacy $#Hornoslezania $#Hornoslezané $8--Trx--Oberschlesier $x08 $9391367315 244Z/01 $2Trx $8--Trx--Einzelbeiträge $x09 $9391384570 245Z/01 $a06.04.01 $x01 247C/01 $82080>Marburg/Lahn, Herder-Institut, Forschungsbibliothek, Bibliographieportal $9336309341
| LEADER | 00000caa a22000002c 4500 | ||
|---|---|---|---|
| 001 | 391496670 | ||
| 003 | DE-603 | ||
| 005 | 20210323214358.0 | ||
| 007 | tu | ||
| 008 | 161111s2001 xx |||| | u00||u|ger c | ||
| 035 | |a (DE-599)HEB391496670 | ||
| 040 | |a DE-603 |b ger |c DE-603 |d DE-603 | ||
| 041 | |a ger | ||
| 082 | 0 | 4 | |8 1\u |a 900.94380904 |q DE-101 |2 23/BSB |
| 085 | |8 1\u |b 900 | ||
| 085 | |8 1\u |z 1 |s 0904 | ||
| 085 | |8 1\u |z 2 |s 438 | ||
| 085 | |8 1\u |z 2 |s 4385 | ||
| 100 | 1 | |a Madajczyk, Piotr |d 1959- |0 (DE-603)138936811 |0 (DE-588)103546723 |2 gnd | |
| 245 | 0 | 0 | |a Oberschlesien zwischen Gewalt und Frieden |
| 264 | 0 | |c 2001 | |
| 773 | 0 | 8 | |i In |t Nationalitätenkonflikte im 20. Jahrhundert |d Wiesbaden : Harrassowitz, 2001 |h VI, 268 S., 24 cm |z 3447044942 |g (2001), Seite 147-162 |w (DE-603)102100403 |
| 924 | 0 | |9 2080 |a (DE-603)787590827 |b DE-2080 |c HES |d d |g / | |


